000
00222nam a22000857a 4500
008
161111b xxu||||| |||| 00| 0 eng d
100
_9
1149
_a
Sharma.N.
245
_a
Together with English
260
_a
New Delhi
_b
Rachna Sagar
_c
2001
999
_c
3809
_d
3809